000 01553nam a2200397 a 4500
001 ebr10312956
003 CaPaEBR
006 m u
007 cr cn|||||||||
008 090102s2008 mauaf sb 001 0 eng d
010 _z 2009275005
015 _aGBA8C9916
_2bnb
016 7 _z014786324
_2Uk
020 _z9781596933071
020 _z1596933070
020 _z9781596933088
040 _aCaPaEBR
_cCaPaEBR
035 _a(OCoLC)568023419
050 1 4 _aRC78.7.D53
_bT73 2008eb
082 0 4 _a616.07545
_222
245 0 0 _aTranslational multimodality optical imaging
_h[electronic resource] /
_cFred S. Azar, Xavier Intes, editors.
260 _aBoston :
_bArtech House,
_cc2008.
300 _axxi, 386 p., [24] p. of plates :
_bill. (some col.) ;
_c27 cm.
490 1 _aArtech House series bioinformatics & biomedical imaging
504 _aIncludes bibliographical references and index.
533 _aElectronic reproduction.
_bPalo Alto, Calif. :
_cebrary,
_d2009.
_nAvailable via World Wide Web.
_nAccess may be limited to ebrary affiliated libraries.
650 0 _aDiagnostic imaging
_xDigital techniques.
650 0 _aImaging systems in medicine.
650 0 _aSpectroscopic imaging.
655 7 _aElectronic books.
_2local
700 1 _aAzar, Fred S.
700 1 _aIntes, Xavier.
710 2 _aebrary, Inc.
830 0 _aArtech House bioinformatics & biomedical imaging series.
856 4 0 _uhttp://site.ebrary.com/lib/rucke/Doc?id=10312956
_zAn electronic book accessible through the World Wide Web; click to view
999 _c177195
_d177195